| 000 | 01066nam0a22002651 4500 | ||
|---|---|---|---|
| 001 | rc\4340656 | ||
| 005 | 20130416134351.0 | ||
| 021 |
_aRU _b[67-59443] |
||
| 035 | _a(NLR Aleph) 008523473 | ||
| 090 |
_a8243168 _c8243168 |
||
| 100 | _a20130416d1967 |||y0rusy50 ca | ||
| 101 | 0 | _arus | |
| 102 | _aRU | ||
| 105 | _ay z ||||| | ||
| 200 | 1 |
_aДуховный облик колхозного крестьянства _e(Опыт социального исследования на материалах Молд. ССР) _fОтв. ред. канд. филос. наук А.И. Бабий _gАН Молд. ССР. Ин-т истории |
|
| 210 |
_aКишинев _cБ. и. _d1967 |
||
| 215 |
_a67 с. _d21 |
||
| 606 |
_aКолхозники _yМолдавская ССР _xСоциологические исследования _2psbo |
||
| 700 | 1 |
_aЕнтелис _bГ. С. _gГригорий Сергеевич |
|
| 702 | 1 |
_aБабий _bА. И. _4340 |
|
| 801 | 0 |
_aRU _bNLR _gpsbo |
|
| 801 | 1 |
_aRU _bELAR _2rusmarc |
|
| 852 |
_aNLR _j67-6/9229 |
||
| 942 | _cBOOK | ||
| 980 | _aNB | ||